000 00245nam a22001097a 4500
082 _a004.0151 LOS'M
100 _aLOSKUTOV, V
_979775
245 _aMATHEMATICAL CONTROL MACHINES
260 _aMOSCOW
_bPEACE
_c1960
300 _a413P
942 _cBK
999 _c584771
_d584771